| 000 | 00721nam a22001817a 4500 | ||
|---|---|---|---|
| 999 |
_c20239 _d20239 |
||
| 008 | 240507b ||||| |||| 00| 0 eng d | ||
| 020 | _a9715423256 | ||
| 082 |
_aDFil 323 _bS1 2003 |
||
| 240 | _aKatarungang panlipunan at karapatang pantao sa Pilipinas / | ||
| 245 |
_aSocial Justice and human rights in the Philippines / _cedited by Alberto T. Muyot. |
||
| 260 |
_aQuezon City : _bUniversity of the Philippines Press, _c©2003. |
||
| 300 |
_axx, 920 pages : _billustrations ; _c26 cm. |
||
| 500 | _aIncludes appendices, bibliography, and index. | ||
| 650 |
_aSocial justice _zPhilippines. _957233 |
||
| 650 |
_aHuman rights _zPhilippines. _91459 |
||
| 650 |
_aCivil rights _zPhilippines. _957234 |
||
| 942 |
_2ddc _cDFIL |
||